Living Islam : Muslim religious experience in Pakistans North-West Frontier

Saved in:
Bibliographic Details
Main Author: Marsden, Magnus
Format: Book
Language:English
Published: Cambridge, UK : Cambridge University Press, 2005
Subjects:
Tags: Add Tag
No Tags, Be the first to tag this record!

MARC

LEADER 00000nam a2200000 i 4500
001 1/91174
008 080718s2005 eng d
020 |a 978-0-521-61765-9 (pbk.) 
020 |a 0-521-61765-0 (pbk.) 
035 |l 10099042 
040 |a GR-MY-UA  |b gre  |e aacr 
041 0 |a eng 
082 0 |a 954.912053  |2 (22) 
100 1 |a Marsden, Magnus. 
245 1 0 |a Living Islam :  |b Muslim religious experience in Pakistans North-West Frontier /  |c Magnus Marsden 
260 |a Cambridge, UK :   |b Cambridge University Press,   |c 2005 
300 |a xvi, 297 σ.;  |b χάρτες;  |c 23 εκ. 
504 |a Βιβλιογραφία: σ. 264-289 
504 |a Ευρετήριο: σ. 290-297 
651 0 |a Chitral District (Pakistan)  |x Social life and customs. 
651 0 |a Chitral District (Pakistan)  |x Religious life and customs. 
852 |a INST  |b LESVOS  |e 20080718  |h 954.912053 MAR  |p 005100042163  |q 005100042163  |t BK  |y 0 
901 |a BIBL1-2008-2 
909 |a Λ  |b 145181 
922 |a 1ΕΛΗ  |b 200801  |c ΕΠΕΑΕΚ2/ΤΚΑ  |d ΕΛΕΥΘΕΡΟΥΔΑΚΗΣ 
970 |a ΓΙΑΛΑΜΑ  |b ΜΑΡΙΑ  |z 2008/07/18